| 000 | 00368nam a2200169Ia 4500 | ||
|---|---|---|---|
| 003 | IT-RoPAU | ||
| 005 | 20220918175317.0 | ||
| 008 | 120407s9999 xx 000 0 und d | ||
| 040 | _aIT-RoPAU | ||
| 040 | _cIT-RoPAU | ||
| 100 |
_aDamiano Bianco _936469 |
||
| 245 | _aA piedi nudi | ||
| 260 | _aEdizioni Paoline | ||
| 300 | _c cm | ||
| 490 | _v1 | ||
| 942 |
_cBK _2ddc |
||
| 999 |
_c3278 _d3278 |
||